CS 1.6 Major Winners - Statistics

General Stats
  • This quiz has been taken 38 times
  • The average score is 24 of 106
Answer Stats
Team % Correct
Ninjas in Pyjamas
83%
Fnatic
75%
Natus Vincere
75%
NEO
75%
TaZ
75%
GeT_RiGhT
71%
f0rest
67%
markeloff
67%
SK Gaming
67%
HeatoN
63%
pasha
63%
kuben
58%
Zeus
58%
Edward
50%
ceh9
46%
Loord
46%
Potti
46%
SpawN
46%
starix
46%
ahl
42%
LUq
42%
mibr
42%
compLexity Gaming
38%
mousesports
38%
RobbaN
38%
zonic
38%
cogu
33%
ESC Gaming
33%
Meet Your Makers
33%
Delpan
29%
fnx
29%
Gux
29%
moto
29%
Rambo
29%
Team 3D
29%
Team Pentagram
29%
AGAiN
25%
fisker
25%
gob b
25%
mTw
25%
Sunde
25%
XeqtR
25%
Archi
21%
cyx
21%
NoA
21%
Tentpole
21%
archie
17%
ave
17%
cArn
17%
elemeNt
17%
fRoD
17%
shaGuar
17%
Storm
17%
bruno
13%
dsn
13%
Eyeballers
13%
KSharp
13%
method
13%
Snajdan
13%
sunman
13%
vilden
13%
boms
8%
Bullseye
8%
DarK
8%
gore
8%
ioRek
8%
Kapio
8%
KIKO
8%
Lucchese
8%
Luciano
8%
mSx
8%
nak
8%
quick
8%
R!Go
8%
Team9
8%
Tixo
8%
vesslan
8%
volcano
8%
Warden
8%
emuLate!
4%
Esenin
4%
face
4%
GudeN
4%
HaRts
4%
Hyb
4%
Hyper
4%
IsKall
4%
kane
4%
M19
4%
MaT
4%
Medion
4%
mJe
4%
Naikon
4%
The Titans
4%
tr1p
4%
Xenon
4%
Drally
0%
eGene
0%
EraZ
0%
KaLbI4
0%
KK
0%
MadFan
0%
NooK
0%
Rado
0%
Rider
0%
whimp
0%
No matching quizzes found
Score Distribution
Percent of People with Each Score
Percentile by Number Answered
Your Score History
You have not taken this quiz